| 000 | 03369nam a2200505Ii 4500 | ||
|---|---|---|---|
| 001 | DIGIBE0266 | ||
| 003 | NyNyDIG | ||
| 006 | m o d | ||
| 008 | 190430s2015 sp ob 000 0 spa d | ||
| 007 | cr ||||||||||| | ||
| 035 | _a(OCoLC)1083462496 | ||
| 040 |
_aDGITA _beng _erda _epn _cDGITA |
||
| 020 |
_a9783954878376 _q(eBook ; _qpdf) |
||
| 020 |
_a3954878372 _q(eBook ; _qpdf) |
||
| 020 |
_z9788484898177 _q(Iberoamericana) |
||
| 020 |
_z8484898172 _q(Iberoamericana) |
||
| 020 |
_z9783954873623 _q(Vervuert) |
||
| 020 |
_z3954873621 _q(Vervuert) |
||
| 050 | 1 | 4 | _aPQ7797.A66 ebook |
| 082 | 0 | 4 | _a868.6209 |
| 245 | 0 | 0 |
_aRoberto Arlt y el lenguaje literario argentino / _cRolf Kailuweit, Volker Jaeckel, Ángela Di Tullio (eds.). |
| 264 | 1 |
_aMadrid : _bIberoamericana ; _aFrankfurt am Main : _bVervuert Verlag, _c2015. |
|
| 300 | _a1 online resource. | ||
| 336 |
_atext _btxt _2rdacontent |
||
| 337 |
_acomputer _bc _2rdamedia |
||
| 338 |
_aonline resource _bcr _2rdacarrier |
||
| 347 |
_atext file _2rdaft |
||
| 347 | _bPDF | ||
| 490 | 1 |
_aEdiciones de Iberoamericana. Historia y crítica de la literatura ; _v79 |
|
| 504 | _aIncludes bibliographical references. | ||
| 505 | 0 | _aLa ciudad y el habla en algunos textos de Roberto Arlt / Rita Gnutzmann -- Estilo y lenguaje en las obras de Roberto Arlt: obscenidades, extranjerismos y lunfardismos / Volker Jaeckel -- Realidad, teatralidad y lenguaje en el teatro de Roberto Arlt / Jobst Welge -- Desvíos de la "lengua de la calle", "palabras lustrosas", periodismo internacional, estilización y ciudades reescritas en Roberto Arlt / Laura Juárez -- Voces de inmigrantes: la literaricidad potenciada de Roberto Arlt / Rolf Kailuweit -- "De monstruous y luminosos ángeles", antropología y estética arltiana / Ursula Henningfeld -- El; amor en la ciudad: hacia una estética del discurso amoroso en la ficción de Roberto Arlt / Christina Komi -- Las melancolías urbanas del ingeniero / José Morales Saraiva -- "Hablar en un holandés espantoso": fantasía linguística y visión urbana en Los lanzallamas de Roberto Arlt / Julio Prieto -- Lenguajes apropiados?: Roberto Arlt y la traducción / Gudrun Rath -- La operación Aira: literatura argentina y procedimiento / Jens Andermann -- Roberto Arlt y el lunfardo / Oscar Conde -- Las funciones del lunfardo en Aguafuertes porteñas, de Roberto Arlt / Jacqueline Balint-Zanchetta -- Las excursiones lingüísticas de Roberto Arlt / Angela Di Tullio. | |
| 588 | 0 | _aOnline resource; title from PDF title page (Digitalia, viewed April 30, 2019) | |
| 600 | 1 | 0 |
_aArlt, Roberto, _d1900-1942 _xCriticism and interpretation. |
| 655 | 0 | _aElectronic books. | |
| 700 | 1 |
_aKailuweit, Rolf, _d1965- _eeditor. |
|
| 700 | 1 |
_aJaeckel, Volker, _d1963- _eeditor. |
|
| 700 | 1 |
_aDi Tullio, Angela, _eeditor, _eauthor. |
|
| 791 | 2 |
_aDigitalia (Firm), _edistributor. |
|
| 793 | 0 |
_gDigitalia eBook Collection: _aIberoamericana/Vervuert |
|
| 776 | 0 | 8 |
_iPrint version: _tRoberto Arlt y el lenguaje literario argentino. _dMadrid : Iberoamericana ; Frankfurt am Main : Vervuert, 2015 _z9788484898177 _w(DLC) 2015526492 _w(OCoLC)909812336 |
| 830 | 0 |
_aEditionen der Iberoamericana. _nSerie A, _pLiteraturgeschichte und -kritik ; _v79. |
|
| 856 | 4 | 0 |
_3Digitalia Hispánica _uhttps://www.digitaliapublishing.com/a/56744/ |
| 910 | _aPremium collection: 2019 | ||
| 942 | _cRAA | ||
| 999 |
_c255080 _d255080 |
||